Derecho penal: parte especial
Bewaard in:
| Hoofdauteur: | |
|---|---|
| Formaat: | Boek |
| Taal: | Spaans |
| Gepubliceerd in: |
Buenos Aires
Rubinzal-Culzoni
2003
|
| Editie: | 2a. ed |
| Onderwerpen: | |
| Tags: |
Voeg label toe
Geen labels, Wees de eerste die dit record labelt!
|
MARC
| LEADER | 00000nam a2200000 a 4500 | ||
|---|---|---|---|
| 001 | UCL7054 | ||
| 003 | CL-VaPUC | ||
| 008 | 040430e20030000AG |||||||||||||||||spa|d | ||
| 020 | |a 9507274553t.1 | ||
| 020 | |a 9507273530t.2 v.1 | ||
| 020 | |a 9507273387t.2 v.2 | ||
| 020 | |a 9507274057t.2 v.3 | ||
| 020 | |a 950727263Xt.3 | ||
| 082 | 0 | 4 | |a 345.82 |b DON |2 21 |
| 100 | 0 | |a Donna, Edgardo Alberto |e author |9 484791 | |
| 245 | 1 | 0 | |a Derecho penal: parte especial |
| 250 | |a 2a. ed | ||
| 300 | |a v | ||
| 942 | |c BK | ||
| 945 | |d 20040430 00:00:00 |a cmena | ||
| 260 | |a Buenos Aires |b Rubinzal-Culzoni |c 2003 | ||
| 650 | 7 | |a DERECHO PENAL |2 CL-VaPUC |9 11 | |
| 650 | 0 | |a Delitos |9 224143 | |
| 650 | 0 | |a Teoría del derecho |9 255982 | |
| 583 | |a last modification |c 20040430 00:00:00 |k Rodrigo Vera | ||
| 999 | |c 308918 |d 308916 | ||
| 952 | |0 0 |1 0 |4 0 |6 345_820000000000000_DON_2003 |7 0 |8 A |9 375856 |a BIBDER |b BIBDER |d 2019-11-21 |h t.1 |i 4012771 |l 1 |o 345.82 DON 2003 |p 4012771 |r 2025-01-13 |s 2025-01-13 |w 2019-11-21 |y BK |k DER | ||
| 952 | |0 0 |1 0 |4 0 |6 345_820000000000000_DON_2003 |7 0 |8 A |9 375857 |a BIBDER |b BIBDER |d 2019-11-21 |h t.2 v.1 |i 401278K |l 1 |o 345.82 DON 2003 |p 401278K |r 2025-01-13 |s 2025-01-13 |w 2019-11-21 |y BK |k DER | ||
| 952 | |0 0 |1 0 |4 0 |6 345_820000000000000_DON_2003 |7 0 |8 A |9 375858 |a BIBDER |b BIBDER |d 2019-11-21 |h t.2 v.2 |i 4012798 |l 1 |o 345.82 DON 2003 |p 4012798 |r 2025-01-13 |s 2025-01-13 |w 2019-11-21 |y BK |k DER | ||
| 952 | |0 0 |1 0 |4 0 |6 345_820000000000000_DON_2003 |7 0 |8 A |9 375859 |a BIBDER |b BIBDER |d 2019-11-21 |h t.2 v.3 |i 4012801 |l 1 |o 345.82 DON 2003 |p 4012801 |r 2025-01-13 |s 2025-01-13 |w 2019-11-21 |y BK |k DER | ||
| 952 | |0 0 |1 0 |4 0 |6 345_820000000000000_DON_2003 |7 0 |8 A |9 375860 |a BIBDER |b BIBDER |d 2019-11-21 |h t.3 |i 401281K |l 1 |o 345.82 DON 2003 |p 401281K |r 2025-01-13 |s 2025-01-13 |w 2019-11-21 |y BK |k DER | ||